000 00538nam a2200169Ia 4500
008 090201s9999 xx 000 0 und d
010 _aKPL-38772
040 _bमराठी
041 _aमराठी
082 _a21509
_b38772
100 _aयशवंत पाठक
245 _aअंगणातले आभाळ
_cयशवंत पाठक
260 _c2004
_bग्रंथाली प्रकाशन
300 _a375
_bलहान
600 _aअंगणातले आभाळ
942 _cBOOK
999 _c221127
_d221127